| 000 | 00949nam a2200313 a 4500 | ||
|---|---|---|---|
| 001 | 000014156 | ||
| 003 | DO-SdBNP | ||
| 005 | 20180316155146.0 | ||
| 007 | 000014156 | ||
| 008 | 091207s1998 dr 000 j spa d | ||
| 020 | _a8484000001 | ||
| 040 |
_aBPMSU _bspa _cBPMSU |
||
| 092 |
_aRD863.42 _bM358o, 1998 |
||
| 100 | 1 |
_aMarrero Aristy, Ramón, _d1913-1959 |
|
| 245 | 1 | 0 |
_aOver / _cRamón Marrero Aristy. |
| 250 | _a19a ed. | ||
| 260 |
_aSanto Domingo : _bTaller, _c1998. |
||
| 300 |
_a213 p. ; _c21 cm. |
||
| 490 | 1 |
_aBiblioteca taller _v14 |
|
| 650 | 4 | _aNOVELA DOMINICANA | |
| 650 | 4 | _aLITERATURA DOMINICANA | |
| 830 | 0 |
_aBiblioteca taller _v14 |
|
| 910 | _aValidado. Control de calidad BNPHU | ||
| 942 |
_2ddc _cBK |
||
| 945 | _aRemanejado para la BNPHU, 2018 / BT Inventariado, 2018 / BT | ||
| 956 |
_aIGARCIA _b10 _d2010115 _fBPMSU |
||
| 956 |
_aMMOLINA _b40 _c20110426 _lBND01 _h1516 |
||
| 956 |
_aVMATEO _b10 _c20150306 _lBND01 _h00151 |
||
| 999 |
_c7568 _d7568 |
||